Books by Chapter Titles II Quiz Stats

 Plays Quiz Updated Mar 6, 2019

Support Sporcle.
Go Orange.
Score 0/18 Timer 06:00
0 Plays Today
Chapters Book % Correct
The Knight's Tale, The Monk's Tale, The Merchant's TaleThe Canterbury Tales by Geoffrey Chaucer
72.9%
Before Breakfast, Wilbur's Boast, Off to the FairCharlotte's Web by E.B. White
68.8%
The Problem, Baskerville Hall, Death on the MoorThe Hound of the Baskervilles by Sir Arthur Conan Doyle
67.1%
At Full Steam, The Nautilus, An Underwater ForestTwenty Thousand Leagues Under the Sea by Jules Verne
61.1%
Being Neighborly, Meg Goes to Vanity Fair, Beth's SecretLittle Women by Louisa May Alcott
60.1%
The Glorious Whitewasher, The Cat and the Painkiller, In the Lair of Injun JoeThe Adventures of Tom Sawyer by Mark Twain
55.9%
The Burglary, The Flight of Sikes, Fagin's Last Night AliveOliver Twist by Charles Dickens
53%
The Sea-Chest, The Captain's Papers, Silver's EmbassyTreasure Island by Robert Louis Stevenson
45.2%
The White Ape, Jungle Battles, His Own KindTarzan of the Apes by Edgar Rice Burroughs
44%
Chapters Book % Correct
At Home with Grandfather, Out with the Goats, Summer Evenings on the MountainHeidi by Johanna Spyri
41.2%
Hungry Joe, Bologna, YossarianCatch-22 by Joseph Heller
37.1%
First Sight, Blood Type, ConfessionsTwilight by Stephenie Meyer
37.1%
New Year's Resolutions, Severe Birthday-Related Thirties Panic, Date with DarcyBridget Jones's Diary by Helen Fielding
33.4%
The Great Hall, Monsieur the Cardinal, Claude FrolloThe Hunchback of Notre Dame by Victor Hugo
32.8%
Spade & Archer, The Black Bird, La PalomaThe Maltese Falcon by Dashiell Hammett
15.7%
The Five-o'clock Express, The Moscow Encampment, Train to the UralsDoctor Zhivago by Boris Pasternak
15%
Games, Valentine, Speaker for the DeadEnder's Game by Orson Scott Card
14.3%
The Perforated Sheet, Love in Bombay, MidnightMidnight's Children by Salman Rushdie
8.8%

You're not logged in!

Compare scores with friends on all Sporcle quizzes.
OR
Log In

From the Vault

March Madness Mediocrity

by ClintT13

These teams can get to the big dance, but they can't do the electric slide.
Remove Ads.
Support Sporcle.
Get the best of Sporcle when you Go Orange. This ad-free experience offers more features, more stats, and more fun while also helping to support Sporcle. Thank you for becoming a member.

Show Comments

Extras

Top Quizzes Today


Score Distribution

Your Account Isn't Verified!

In order to create a playlist on Sporcle, you need to verify the email address you used during registration. Go to your Sporcle Settings to finish the process.

Report this User

Report this user for behavior that violates our Community Guidelines.

Details: